| 000 | 00473ntaaa2200181 4500 | ||
|---|---|---|---|
| 003 | 01 | ||
| 005 | 20251027202001.0 | ||
| 008 | 0714s1973 ag 01 | ||
| 040 |
_aAR-BaBN _bspa _cAR-BaBN _eaacr _dRIC |
||
| 082 | _a260.0000 D68g | ||
| 100 |
_aDolan, Rex R. _918436 |
||
| 245 | _aEl gran cambio, la iglesia desafiada a un cambio radical. | ||
| 250 | _a1 ed. | ||
| 260 |
_aBarcelona : _bGrijalbo, _cc1969 |
||
| 300 | _a142 p. | ||
| 650 |
_aIglesia-Historia _9776 |
||
| 942 | _cBK | ||
| 999 |
_c14573 _d14573 |
||